Las nuevas constituciones provinciales (Registro nro. 2696)
[ vista simple ]
| 000 -LEADER | |
|---|---|
| fixed length control field | 01252 a2200289 4500 |
| 001 - CONTROL NUMBER | |
| control field | 36977 |
| 005 - DATE AND TIME OF LATEST TRANSACTION | |
| control field | 20260407155641.0 |
| 008 - FIXED-LENGTH DATA ELEMENTS--GENERAL INFORMATION | |
| fixed length control field | 260407a1989 arg spa d |
| 003 - CONTROL NUMBER IDENTIFIER | |
| control field | AR-UNSa-BCEJYS |
| 040 ## - CATALOGING SOURCE | |
| Original cataloging agency | AR-UNSa-BCEJYS |
| Language of cataloging | spa |
| Transcribing agency | AR-UNSa-BCEJYS |
| 080 ## - UNIVERSAL DECIMAL CLASSIFICATION NUMBER | |
| Universal Decimal Classification number | 342.4 |
| Common auxiliary subdivision | Constituciones. Asambleas legislativas. Asambleas nacionales (Reforma...) |
| 020 ## - INTERNATIONAL STANDARD BOOK NUMBER | |
| International Standard Book Number | 950-14-0508-7 |
| 041 ## - LANGUAGE CODE | |
| Language code of text/sound track or separate title | spa |
| 100 1# - MAIN ENTRY--PERSONAL NAME | |
| Personal name | Cordeiro Pinto, Luis |
| 245 10 - TITLE STATEMENT | |
| Title | Las nuevas constituciones provinciales |
| Name of part/section of a work | Catamarca, Córdoba, Jujuy, La Rioja, Río Negro, Salta, San Juan, San Luis, Santiago del Estero |
| 264 #1 - PRODUCTION, PUBLICATION, DISTRIBUTION, MANUFACTURE, AND COPYRIGHT NOTICE | |
| Place of production, publication, distribution, manufacture | Buenos Aires : |
| Name of producer, publisher, distributor, manufacturer | Ediciones Depalma |
| Date of production, publication, distribution, manufacture, or copyright notice | 1989 |
| 300 ## - PHYSICAL DESCRIPTION | |
| Extent | xix, 268 p. |
| Dimensions | 23 cm. |
| 505 ## - FORMATTED CONTENTS NOTE | |
| Formatted contents note | 1. Los Preámbulos - 2. Principios y declaraciones - 3. Derechos - 4. Deberes - 5. Garantías - 6. Cultura y educación - 7. Economía y finanzas - 8. Poder Legislativo - 9. El Poder Ejecutivo - 10. Poder Judicial - 11. Ministerio Público - 12. Régimen Municipal - |
| 590 ## - LOCAL NOTE (RLIN) | |
| Local note | niveau_biblio:m niveau_hierar:0 |
| 700 1# - ADDED ENTRY--PERSONAL NAME | |
| Personal name | Frías, Pedro José |
| 700 1# - ADDED ENTRY--PERSONAL NAME | |
| Personal name | Godoy, José Daniel |
| 700 1# - ADDED ENTRY--PERSONAL NAME | |
| Personal name | Hernández, Antonio María (h) |
| 700 1# - ADDED ENTRY--PERSONAL NAME | |
| Personal name | Iturrez, Arturo Horacio |
| 700 1# - ADDED ENTRY--PERSONAL NAME | |
| Personal name | Vergara, Ricardo Alberto |
| 700 1# - ADDED ENTRY--PERSONAL NAME | |
| Personal name | Zarza Mensaque, Alberto |
| 942 ## - ADDED ENTRY ELEMENTS (KOHA) | |
| Koha item type | |
| Withdrawn status | Lost status | Damaged status | Not for loan | Home library | Current library | Shelving location | Date acquired | Total checkouts | Full call number | Barcode | Date last seen | Price effective from | Koha item type |
|---|---|---|---|---|---|---|---|---|---|---|---|---|---|
| Biblioteca Prof. Eusebio Cleto del Rey | Biblioteca Prof. Eusebio Cleto del Rey | 07/04/2026 | 342.4 N964 | L125479 | 07/04/2026 | 07/04/2026 | Libro |